| 000 | 00765nam a22002417a 4500 | ||
|---|---|---|---|
| 005 | 20170124105911.0 | ||
| 010 | _aB-164148 | ||
| 020 |
_c270.00 _a9788183330145 |
||
| 035 | _aB-164148 | ||
| 037 | _bCen Lib / Ret | ||
| 040 |
_aDPL _bEN |
||
| 082 |
_a005.1 _bSHE |
||
| 100 |
_aShet, K. Chandrashekhar _974 |
||
| 245 |
_aSoftware engineering & quality assurarance / _c by K. Chandrashekhar Shet [and] D. Anand Mohan |
||
| 260 |
_a New Delhi _bBPB Publications _c2005 |
||
| 270 |
_aB-14,Connaught place _bNew Delhi _e110001 |
||
| 300 |
_axii,467p. _c23cm (pbk) |
||
| 500 | _aInculdes index | ||
| 650 |
_aComputer science _9105646 |
||
| 650 |
_aSoftware engineering _978 |
||
| 700 |
_aMohan, Anand _9105647 |
||
| 942 |
_2ddc _cEN _h005.1 _mSHE |
||
| 999 |
_c122525 _d122525 |
||